Nén đĩa với Stacker for DOS và Windows

Αποθηκεύτηκε σε:
Λεπτομέρειες βιβλιογραφικής εγγραφής
Κύριος συγγραφέας: Hoàng Minh Trung
Μορφή: Βιβλίο
Γλώσσα:Undetermined
Έκδοση: Tp. HCM Thống Kê 2000
Θέματα:
Ετικέτες: Προσθήκη ετικέτας
Δεν υπάρχουν, Καταχωρήστε ετικέτα πρώτοι!
Thư viện lưu trữ: Trung tâm Học liệu Trường Đại học Cần Thơ
LEADER 00540nam a2200193Ia 4500
001 CTU_36203
008 210402s9999 xx 000 0 und d
020 |b 11.000đ 
082 |a 005.3 
082 |b Tr513 
100 |a Hoàng Minh Trung 
245 0 |a Nén đĩa với Stacker for DOS và Windows 
245 0 |c Hoàng Minh Trung 
260 |a Tp. HCM 
260 |b Thống Kê 
260 |c 2000 
650 |a stacker ( computer programs ) 
904 |i Minh, 000420 
980 |a Trung tâm Học liệu Trường Đại học Cần Thơ